000
00310nam a2200109Ia 4500
008
220204s9999 xx 000 0 und d
082
_a
331.101.262
_b
NAD
100
_a
Nadler, Leonard
245
0
_a
Corporate human resources development: A management tool
260
_a
New York
_b
Van Nostrand
_c
1980
942
_c
BK
999
_c
35574
_d
35574